[Event "Sardinia World Festival-A 2024"]
[Site "Orosei"]
[Date "2024.05.01"]
[Round "6.42"]
[White "Morros Faura, Ricard"]
[Black "Derakhshani, Borna"]
[Result "0-1"]
[WhiteElo "2177"]
[BlackElo "2355"]
[Annotator "TA"]
[PlyCount "68"]
[EventDate "2024.04.26"]
[EventType "swiss"]
[EventCountry "ITA"]
[SourceTitle "playchess.com"]
[Source "ChessBase"]
[SourceQuality "1"]
[TimeControl "40/5400+30:1800+30"]

{[%evp 14,68,22,24,47,21,37,36,27,42,47,0,2,0,7,-11,4,6,29,25,60,51,63,45,112,-8,29,24,14,0,347,365,364,357,560,526,851,342,351,358,355,274,255,252,268,279,257,267,316,320,385,-399,-387,-361,-318,-646,-643]} 1. e4 {[%emt 0:00:10]} c6 {[%emt 0:00:04]} 2. d4 {[%emt 0:00:12]} d5 {[%emt 0:00:04]} 3. Nd2 {[%emt 0:02:21]} dxe4 {[%emt 0:01:02]} 4. Nxe4 {[%emt 0:00:32]} Nf6 {[%emt 0:00:04]} 5. Nxf6+ {[%emt 0:00:20]} exf6 {[%emt 0:00:04]} 6. c3 {[%emt 0:01:33]} Bd6 {[%emt 0:00:06]} 7. Bd3 {[%emt 0:00:11]} O-O {[%emt 0:00:05]} 8. Qc2 {[%emt 0:00:38]} Re8+ {[%emt 0:00:10]} 9. Ne2 {[%emt 0:00:18]} h5 {[%emt 0:00:05]} 10. O-O {[%emt 0:13:00]} h4 {[%emt 0:00:04] White is slightly better.} 11. h3 {[%emt 0:12:46]} Nd7 {[%emt 0:00:05]} 12. f4 {[%emt 0:01:42]} (12. Bd2 $14) 12... c5 {[%emt 0:46:38]} 13. Kh1 {[%emt 0:18:18]} a6 {[%emt 0:24:10][%cal Of6f5]} 14. dxc5 {[%emt 0:21:16]} Bxc5 {[%emt 0:03:11][%cal Of6f5]} 15. b4 {[%emt 0:01:42]} Ba7 {[%emt 0:00:33]} 16. c4 {[%emt 0:03:59]} Nb8 {[%emt 0:11:48]} 17. Bb2 {[%emt 0:01:23] Threatens to win with Rad1.} Nc6 {[%emt 0:10:47]} 18. Rad1 {[%emt 0:01:08] aiming for Bh7+.} Qc7 {[%emt 0:00:00]} (18... Qe7 $14) 19. Qc3 {[%emt 0:03:31]} ({White should try} 19. Nc3 $16 Ne7 (19... Nxb4 20. Qa4 $16) 20. Ne4) 19... Bd7 {[%emt 0:00:00]} 20. Qe1 $36 {[%emt 0:02:04][%mdl 2048] White has good play.} Ne7 $1 {[%emt 0:00:00]} 21. Qxh4 {[%emt 0:08:33] Threatening mate with Qh7+.} Nf5 $2 {[%emt 0:00:00][%mdl 8192]} (21... Ng6 $11 22. Bxg6 fxg6) 22. Bxf5 $1 $18 {[%emt 0:01:44]} Bxf5 {[%emt 0:00:00]} 23. Ng3 {[%emt 0:00:56]} Bg6 {[%emt 0:00:00]} (23... Bc2 24. Rd5 Bg6 (24... Qxc4 25. Rh5) 25. f5 $18) (23... Be4 {keeps fighting.} 24. Qg4 Qxc4 25. Bxf6 Bg6) 24. f5 {[%emt 0:00:34] Hoping for Bxf6.} Bh7 {[%emt 0:00:00]} 25. Rf4 {[%emt 0:02:09]} (25. Nh5 $142 {[%cal Oh5f6] Intending Nxf6+! and mate.} Bb8 26. Rf4 Qxf4 27. Nxf4 Bxf5 28. Nd5) 25... Rad8 {[%emt 0:00:54]} 26. Rdf1 {[%emt 0:01:41]} Be3 {[%emt 0:01:35]} 27. Rg4 {[%emt 0:00:45]} Bg5 {[%emt 0:00:01]} 28. Rxg5 {[%emt 0:00:31]} fxg5 {[%emt 0:00:01]} 29. Qxg5 {[%emt 0:00:05][%csl Gb2][%cal Rg5g7]} f6 {[%emt 0:00:00]} 30. Bxf6 {[%emt 0:00:51]} Rd7 {[%emt 0:00:00]} 31. Nh5 {[%emt 0:00:35]} Rf8 {[%emt 0:00:53][%cal Od7f7] [#]} 32. Ba1 $4 {[%emt 0:00:19][%mdl 8192] [#]} (32. Re1 $1 $18) 32... Rxf5 $1 $19 {[%emt 0:02:26][%cal Rf5f1][%mdl 512]} 33. Nf6+ {[%emt 0:00:36]} Kf7 {[%emt 0:00:44][%cal Rf5f1]} 34. Qc1 {[%emt 0:00:34]} (34. Qxf5 Bxf5 35. Nxd7 Qxd7 36. g4) 34... gxf6 {[%emt 0:00:17] Never resign too early!   Weighted Error Value: White=0.68/Black=0.47.  Loses game:     	---       	Black=1      Missed win:     	White=1     	---        Mistake:       	White=4     	Black=2      Inaccurate:     	White=1     	Black=3      OK:         	White=5     	Black=4      Best:        	White=3     	Black=5      Strong:       	White=1     	Black=1      Brilliant:      	---       	Black=1} 0-1

[Event "Sardinia World Festival-A 2024"]
[Site "Orosei"]
[Date "2024.05.01"]
[Round "6.43"]
[White "Catanzaro, Claudio"]
[Black "Saine, Zachary"]
[Result "0-1"]
[WhiteElo "1940"]
[BlackElo "2032"]
[Annotator "NA RC"]
[PlyCount "44"]
[EventDate "2024.04.26"]
[EventType "swiss"]
[EventCountry "ITA"]
[SourceTitle "playchess.com"]
[Source "ChessBase"]
[SourceQuality "1"]

1. e4 e5 2. Nf3 Nc6 3. d4 exd4 4. Nxd4 Nf6 5. Nxc6 bxc6 6. e5 Qe7 7. Qe2 Nd5 8. h4 f6 9. exf6 Qxe2+ 10. Bxe2 Nxf6 11. O-O Bc5 12. Nc3 O-O 13. Bg5 d5 14. Rad1 Ng4 15. Bf3 Ne5 16. Be2 Ng4 17. Bf3 Ne5 18. Be2 Bf5 19. Bd3 Nxd3 20. cxd3 h6 21. Be3 d4 22. Na4 dxe3 0-1

[Event "Sardinia World Festival-A 2024"]
[Site "Orosei"]
[Date "2024.05.01"]
[Round "6.44"]
[White "Molinari, Carlo"]
[Black "Wang, Shanshan"]
[Result "0-1"]
[WhiteElo "1867"]
[BlackElo "1966"]
[Annotator "NA RC"]
[PlyCount "114"]
[EventDate "2024.04.26"]
[EventType "swiss"]
[EventCountry "ITA"]
[SourceTitle "playchess.com"]
[Source "ChessBase"]
[SourceQuality "1"]

1. d4 Nf6 2. c4 g6 3. Nc3 d5 4. Nf3 Bg7 5. e3 O-O 6. Be2 dxc4 7. Bxc4 Nbd7 8. O-O c5 9. Bb3 Qc7 10. e4 cxd4 11. Qxd4 Nc5 12. Qc4 Be6 13. Nd5 Bxd5 14. exd5 Rac8 15. Bf4 b5 16. Qb4 Qb7 17. Rad1 a5 18. Qxa5 Nxb3 19. axb3 Nxd5 20. Be5 Bxe5 21. Nxe5 Nf4 22. Nf3 e5 23. Qd2 Rfd8 24. Qe3 f6 25. h4 Rd5 26. g3 Rcd8 27. Rxd5 Nxd5 28. Qe4 Qf7 29. Ra1 Qc7 30. h5 Ne7 31. Qe3 Nf5 32. Qe4 Qd7 33. hxg6 hxg6 34. Qg4 Ne7 35. Qb4 Kf7 36. Re1 Qd5 37. Qe4 Qxe4 38. Rxe4 Rd3 39. Re3 Rxe3 40. fxe3 Nc6 41. g4 e4 42. Nd2 f5 43. gxf5 gxf5 44. Kf1 Ke6 45. Ke2 Kd5 46. Nf1 Ke5 47. Ng3 Na5 48. Kd2 Nxb3+ 49. Kc3 Na5 50. Kb4 Nc4 51. Kxb5 Nxe3 52. Kc5 f4 53. Ne2 f3 54. Ng3 Nf5 55. Nf1 e3 56. b4 e2 57. Nd2 Kf4 0-1

[Event "Sardinia World Festival-A 2024"]
[Site "Orosei"]
[Date "2024.05.01"]
[Round "6.45"]
[White "Mascia, Germano"]
[Black "Becker, Martin Alexander"]
[Result "1/2-1/2"]
[WhiteElo "1884"]
[BlackElo "2373"]
[Annotator "TA"]
[PlyCount "97"]
[EventDate "2024.04.26"]
[EventType "swiss"]
[EventCountry "ITA"]
[SourceTitle "playchess.com"]
[Source "ChessBase"]
[SourceQuality "1"]

1. e4 c6 2. d4 d5 3. exd5 cxd5 4. Bd3 Nf6 5. c3 Bg4 6. Qb3 Qd7 7. Bf4 Nc6 8. Nd2 Nh5 9. Be3 g6 10. Ngf3 Bg7 11. h3 Bxf3 12. Nxf3 a6 13. g4 Nf6 14. Ne5 Nxe5 15. dxe5 Ng8 16. f4 e6 17. O-O-O Ne7 18. Rhe1 b5 19. Bc5 Nc6 20. Qa3 Qb7 21. Bd6 O-O-O 22. Qc5 Bf8 23. Bxf8 Rhxf8 24. Kb1 Kb8 25. Bf1 Rc8 26. f5 Rfd8 27. Qf2 Rd7 28. h4 Qc7 29. h5 gxf5 30. gxf5 Rg8 31. Bh3 Re7 32. Qf4 Ree8 33. Rd2 Kb7 34. Rf2 exf5 35. Bxf5 Rxe5 36. Rxe5 Qxe5 37. Qxe5 Nxe5 38. Bxh7 Rh8 39. Rf5 Kc6 40. Rxe5 Rxh7 41. Rf5 a5 42. Kc2 Kd6 43. h6 Ke6 44. Rh5 f5 45. Kd3 Ke5 46. Ke3 b4 47. a3 bxc3 48. bxc3 a4 49. Kf3 1/2-1/2

[Event "Sardinia World Festival-A 2024"]
[Site "Orosei"]
[Date "2024.05.01"]
[Round "6.46"]
[White "Xu, Ten Lon"]
[Black "Benoit, Hugues"]
[Result "0-1"]
[WhiteElo "1877"]
[BlackElo "1935"]
[Annotator "NA RC"]
[PlyCount "112"]
[EventDate "2024.04.26"]
[EventType "swiss"]
[EventCountry "ITA"]
[SourceTitle "playchess.com"]
[Source "ChessBase"]
[SourceQuality "1"]

1. e4 e5 2. Nf3 Nc6 3. Bb5 Bc5 4. O-O Nd4 5. Nxd4 Bxd4 6. c3 Bb6 7. d4 c6 8. Bc4 d6 9. dxe5 dxe5 10. Qh5 Qe7 11. Bg5 Nf6 12. Qh4 Be6 13. Bxe6 Qxe6 14. Bxf6 Qxf6 15. Qxf6 gxf6 16. Nd2 Ke7 17. Nf3 Rhg8 18. h3 Rg3 19. Kh2 Rgg8 20. Nh4 Rgd8 21. Nf5+ Ke6 22. Rad1 a5 23. a4 Bc5 24. f3 b5 25. axb5 cxb5 26. h4 a4 27. Kh3 Rac8 28. h5 Bb6 29. Rfe1 Rxd1 30. Rxd1 Rd8 31. Rxd8 Bxd8 32. Kg3 Bb6 33. f4 Bc7 34. Kf3 Bb6 35. g3 Bc5 36. Ke2 Bd6 37. Ke3 Bc5+ 38. Kd3 Bb6 39. Ng7+ Kd7 40. f5 h6 41. Kc2 Bc5 42. b3 axb3+ 43. Kxb3 Bf8 44. c4 bxc4+ 45. Kxc4 Bxg7 46. Kc5 Bf8+ 47. Kb5 Kc7 48. Kc4 Kc6 49. Kb3 Kc5 50. Kc3 Be7 51. g4 Bd8 52. Kd3 Kb4 53. Kd2 Kc4 54. Ke3 Kc3 55. Ke2 Kd4 56. Kf3 Kd3 0-1

[Event "Sardinia World Festival-A 2024"]
[Site "Orosei"]
[Date "2024.05.01"]
[Round "6.47"]
[White "Botez, Alexandra"]
[Black "Joel Paul Ganta"]
[Result "1/2-1/2"]
[WhiteElo "1970"]
[BlackElo "1969"]
[Annotator "NA RC"]
[PlyCount "154"]
[EventDate "2024.04.26"]
[EventType "swiss"]
[EventCountry "ITA"]
[SourceTitle "playchess.com"]
[Source "ChessBase"]
[SourceQuality "1"]

1. d4 Nf6 2. c4 g6 3. Nc3 Bg7 4. e4 d6 5. f3 O-O 6. Be3 Nbd7 7. Qd2 a6 8. Nge2 b5 9. cxb5 axb5 10. Nxb5 c6 11. Nbc3 e5 12. Nc1 d5 13. exd5 Nxd5 14. Nxd5 cxd5 15. Be2 Ra4 16. O-O exd4 17. Bg5 Qb6 18. Nd3 Ba6 19. Rfc1 Ra8 20. b3 Bxd3 21. Bxd3 R4a7 22. Rc2 Bf8 23. Kh1 Nc5 24. Qe2 f6 25. Bf4 Re7 26. Qf1 Rea7 27. h4 Ne6 28. Bh2 Bh6 29. h5 Kg7 30. f4 gxh5 31. Qf3 Nc5 32. Bf5 Kh8 33. Qxd5 Nxb3 34. Rb2 Qa5 35. Qxa5 Rxa5 36. Rxb3 Rxf5 37. Rd1 Rxa2 38. g3 Rd5 39. Rbd3 Kg7 40. Rxd4 Rxd4 41. Rxd4 Kg6 42. Rd7 Bf8 43. Rd5 Rc2 44. Bg1 Bb4 45. Be3 Re2 46. f5+ Kf7 47. Bf4 Be7 48. Rd2 Re1+ 49. Kg2 Rb1 50. Rd5 Rb3 51. Kh3 Rb1 52. Ra5 Rh1+ 53. Kg2 Rd1 54. Rb5 Rd4 55. Kh3 Rd1 56. Be3 Rd3 57. Bh6 Bd6 58. Rb7+ Ke8 59. Rg7 Rf3 60. Rg8+ Kd7 61. Rg7+ Kc6 62. Kh4 Rf1 63. Kh3 Rxf5 64. Rxh7 Rf3 65. Rg7 Kd5 66. Kh4 Ke6 67. Kh3 h4 68. Kxh4 Bf8 69. Rh7 Rf1 70. Kh5 Bd6 71. g4 Rh1+ 72. Kg6 Rg1 73. Kh5 Rh1+ 74. Kg6 Rh4 75. g5 Rg4 76. Rb7 fxg5 77. Bxg5 Rb4 1/2-1/2

[Event "Sardinia World Festival-A 2024"]
[Site "Orosei"]
[Date "2024.05.01"]
[Round "6.48"]
[White "Dimitrov, Dejan"]
[Black "Botez, Andrea"]
[Result "1-0"]
[WhiteElo "1998"]
[BlackElo "1879"]
[Annotator "NA RC"]
[PlyCount "63"]
[EventDate "2024.04.26"]
[EventType "swiss"]
[EventCountry "ITA"]
[SourceTitle "playchess.com"]
[Source "ChessBase"]
[SourceQuality "1"]

1. d4 Nf6 2. g3 g6 3. Bg2 Bg7 4. e4 d6 5. Nc3 O-O 6. Nge2 c5 7. O-O cxd4 8. Nxd4 Nc6 9. Nde2 Nd7 10. h3 Nc5 11. a4 Be6 12. Nd5 Bxd5 13. exd5 Ne5 14. Ra2 Rc8 15. b3 Na6 16. Bd2 Nc5 17. Be3 Qa5 18. c3 Qc7 19. Nd4 Rfe8 20. Nb5 Qb8 21. c4 a6 22. Nd4 a5 23. Rd2 Na6 24. h4 h5 25. Bh3 f5 26. Nxf5 gxf5 27. Bxf5 Rf8 28. Be6+ Rf7 29. Qxh5 Nc5 30. Bxc5 dxc5 31. f4 Kf8 32. fxe5 1-0

[Event "Sardinia World Festival-A 2024"]
[Site "Orosei"]
[Date "2024.05.01"]
[Round "6.51"]
[White "Salis, Davide"]
[Black "Cilenti, Giuseppe Maria"]
[Result "0-1"]
[WhiteElo "1503"]
[BlackElo "1574"]
[Annotator "NA RC"]
[PlyCount "134"]
[EventDate "2024.04.26"]
[EventType "swiss"]
[EventCountry "ITA"]
[SourceTitle "playchess.com"]
[Source "ChessBase"]
[SourceQuality "1"]

1. e4 c5 2. Nf3 d6 3. d4 cxd4 4. Nxd4 Nf6 5. Nc3 a6 6. Be2 e6 7. O-O Be7 8. Nf3 O-O 9. e5 dxe5 10. Nxe5 Qc7 11. Ng4 Nxg4 12. Bxg4 Nd7 13. Re1 Nf6 14. Bf3 Bd7 15. Nd5 Nxd5 16. Bxd5 Rfd8 17. Be4 Bc6 18. Qf3 Bxe4 19. Qxe4 Bf6 20. c3 Qe5 21. Bf4 Qxe4 22. Rxe4 h6 23. h3 Rd7 24. Rc4 Rad8 25. Kh2 Be7 26. Be3 Bd6+ 27. g3 b5 28. Rc6 Ra8 29. a4 b4 30. cxb4 Bxb4 31. Rc4 a5 32. Kg2 Rb8 33. Rac1 Kh7 34. R1c2 Rdb7 35. Bf4 Rd8 36. Rc7 Rxc7 37. Rxc7 f6 38. Be3 Rd1 39. Ra7 Ra1 40. b3 Rb1 41. Bb6 Rxb3 42. Bxa5 Bc5 43. Rc7 Bd4 44. Rc4 e5 45. f4 Rb2+ 46. Kf1 Rf2+ 47. Ke1 Rh2 48. fxe5 Bxe5 49. Bb6 Bxg3+ 50. Kd1 Rxh3 51. a5 Rh1+ 52. Ke2 Ra1 53. Kf3 Be1 54. Rc5 Ra2 55. Rb5 Kg6 56. Bc7 h5 57. a6 Rxa6 58. Rb2 Ra3+ 59. Kg2 h4 60. Bd6 Rd3 61. Bf4 Kf5 62. Bc1 Kg4 63. Re2 h3+ 64. Kh1 Rd1 65. Re4+ Kf3 66. Re3+ Kg4 67. Re4+ Kf5 0-1

[Event "Sardinia World Festival-A 2024"]
[Site "Orosei"]
[Date "2024.05.02"]
[Round "7.1"]
[White "Chigaev, Maksim"]
[Black "Parkhov, Yair"]
[Result "1/2-1/2"]
[WhiteElo "2621"]
[BlackElo "2513"]
[Annotator "TA"]
[PlyCount "103"]
[EventDate "2024.04.26"]
[EventType "swiss"]
[EventCountry "ITA"]
[SourceTitle "playchess.com"]
[Source "ChessBase"]
[SourceQuality "1"]

1. c4 Nf6 2. Nf3 c5 3. b3 d5 4. cxd5 Nxd5 5. Nc3 Nxc3 6. dxc3 Qxd1+ 7. Kxd1 Bf5 8. Nd2 Nc6 9. e4 Bg6 10. Bb5 Rc8 11. h4 h5 12. f3 a6 13. Be2 e6 14. a4 Na5 15. Kc2 Bd6 16. Nc4 Nxc4 17. Bxc4 Ke7 18. a5 f6 19. Be3 Rhd8 20. g3 Be8 21. Bf2 Kf7 22. Rhd1 Be7 23. Re1 Rc7 24. f4 Bb5 25. Be3 Rcd7 26. Bxb5 axb5 27. a6 bxa6 28. Rxa6 b4 29. cxb4 cxb4 30. Rc6 Ra8 31. Bc1 Rad8 32. Be3 f5 33. Bc1 Bf6 34. e5 Be7 35. Be3 Ra8 36. Bc1 Rd5 37. Bb2 Bc5 38. Re2 Rad8 39. Rc7+ Be7 40. Bc1 Ke8 41. Rd2 Rc5+ 42. Rxc5 Bxc5 43. Re2 Kd7 44. Be3 Kc6 45. Bxc5 Kxc5 46. Re3 Ra8 47. Rd3 Ra2+ 48. Kd1 Rb2 49. Kc1 Rg2 50. Kd1 Rb2 51. Kc1 Rg2 52. Kd1 1/2-1/2

[Event "Sardinia World Festival-A 2024"]
[Site "Orosei"]
[Date "2024.05.02"]
[Round "7.2"]
[White "Pichot, Alan"]
[Black "Van Foreest, Jorden"]
[Result "1/2-1/2"]
[WhiteElo "2644"]
[BlackElo "2668"]
[Annotator "TA"]
[PlyCount "167"]
[EventDate "2024.04.26"]
[EventType "swiss"]
[EventCountry "ITA"]
[SourceTitle "playchess.com"]
[Source "ChessBase"]
[SourceQuality "1"]

1. e4 e5 2. Nf3 Nc6 3. Bc4 Nf6 4. d3 Bc5 5. O-O d6 6. c3 a5 7. h3 O-O 8. Re1 Ba7 9. Nbd2 Ne7 10. Nf1 c6 11. Bb3 Ng6 12. Ng3 d5 13. exd5 Nxd5 14. d4 exd4 15. Nxd4 Be6 16. Ne4 Qc7 17. Ng5 Rae8 18. Bd2 Bb8 19. g3 Ba7 20. Qh5 Nf6 21. Ngxe6 Rxe6 22. Qf3 Rxe1+ 23. Rxe1 Qd7 24. Bc2 Bxd4 25. cxd4 Qxd4 26. Bxa5 Qxb2 27. Bb3 Nd5 28. Bxd5 Qb5 29. Bxf7+ Rxf7 30. Qc3 h6 31. h4 b6 32. Bb4 Qf5 33. Qb2 Kh7 34. Bc3 c5 35. Qe2 Re7 36. Qd1 Rf7 37. Qe2 h5 38. a3 Re7 39. Qd1 Rd7 40. Qb1 Qxb1 41. Rxb1 Rd3 42. Be1 Rxa3 43. Rxb6 Ne5 44. Kf1 Ra1 45. Ke2 Ra2+ 46. Kf1 Nd3 47. Rd6 c4 48. Bc3 Rxf2+ 49. Kg1 Rc2 50. Bd4 Ne1 51. Kf1 Nf3 52. Rd7 Rd2 53. Rxg7+ Kh6 54. Bf6 Rd6 55. Bc3 Rd3 56. Bf6 Nh2+ 57. Ke2 Ng4 58. Ba1 Re3+ 59. Kd2 Ra3 60. Bb2 Rd3+ 61. Ke2 Rxg3 62. Rb7 Rh3 63. Bc1+ Kg6 64. Rc7 Rh2+ 65. Kf3 Rh3+ 66. Kf4 Nf6 67. Rc6 Rxh4+ 68. Kg3 Rg4+ 69. Kf3 Kf7 70. Bf4 Nd7 71. Ke3 Nf8 72. Rxc4 Ne6 73. Re4 Rg1 74. Kf2 Ra1 75. Be3 Ra2+ 76. Kg3 Ng7 77. Bd4 Nf5+ 78. Kf4 Nd6 79. Re1 h4 80. Rh1 Ra4 81. Ke5 Nb5 82. Rxh4 Nxd4 83. Rxd4 Rxd4 84. Kxd4 1/2-1/2

[Event "Sardinia World Festival-A 2024"]
[Site "Orosei"]
[Date "2024.05.02"]
[Round "7.3"]
[White "Murzin, Volodar"]
[Black "Moroni, Luca Jr"]
[Result "1-0"]
[WhiteElo "2632"]
[BlackElo "2580"]
[Annotator "TA"]
[PlyCount "109"]
[EventDate "2024.04.26"]
[EventType "swiss"]
[EventCountry "ITA"]
[SourceTitle "playchess.com"]
[Source "ChessBase"]
[SourceQuality "1"]

1. e4 e5 2. Nf3 Nc6 3. Bb5 a6 4. Ba4 Nf6 5. d3 d6 6. Bxc6+ bxc6 7. O-O g6 8. d4 Bg7 9. dxe5 Nxe4 10. Re1 d5 11. Nbd2 O-O 12. Nxe4 dxe4 13. Qxd8 Rxd8 14. Bg5 Re8 15. Rxe4 f6 16. Be3 fxe5 17. Rc4 Rd8 18. Nd2 e4 19. c3 Rb8 20. b3 Rb5 21. Nxe4 Ra5 22. Bd4 Bf5 23. Nc5 Ra3 24. f3 Re8 25. Bxg7 Kxg7 26. Kf2 Bc2 27. Ra4 Rxa4 28. Nxa4 Rd8 29. Re1 Kf7 30. c4 Bf5 31. Nc5 Bc8 32. Ke2 g5 33. Rd1 Re8+ 34. Kf2 h5 35. h3 g4 36. h4 Kg6 37. Rd4 Kf6 38. b4 gxf3 39. gxf3 Rg8 40. a4 Ke5 41. Ke3 Kf6 42. a5 Re8+ 43. Kf4 Rf8 44. Re4 Bf5 45. Re1 Rd8 46. Nxa6 Rd4+ 47. Kg3 Rxc4 48. Ra1 Ke5 49. Nxc7 Rc3 50. a6 Be4 51. Ra5+ Kf6 52. Kf4 Bxf3 53. a7 c5 54. Nb5 Rb3 55. Ra3 1-0

[Event "Sardinia World Festival-A 2024"]
[Site "Orosei"]
[Date "2024.05.02"]
[Round "7.4"]
[White "Fedoseev, Vladimir"]
[Black "Bharath Subramaniyam H"]
[Result "1-0"]
[WhiteElo "2690"]
[BlackElo "2544"]
[Annotator "TA"]
[PlyCount "131"]
[EventDate "2024.04.26"]
[EventType "swiss"]
[EventCountry "ITA"]
[SourceTitle "playchess.com"]
[Source "ChessBase"]
[SourceQuality "1"]

1. Nf3 d5 2. d4 Nf6 3. c4 e6 4. Nc3 dxc4 5. e3 a6 6. Bxc4 b5 7. Be2 Bb7 8. O-O Nbd7 9. b3 c5 10. Bb2 Be7 11. Rc1 O-O 12. dxc5 Nxc5 13. Ne5 Qb8 14. f4 Rd8 15. Qe1 Qa7 16. Nd1 Rac8 17. Nf2 Qa8 18. Bf3 Nce4 19. Nfd3 Rxc1 20. Qxc1 Rc8 21. Qa1 Nc5 22. Nf2 Bxf3 23. Nxf3 Nce4 24. Rc1 Bc5 25. Nxe4 Nxe4 26. Bd4 Bxd4 27. Nxd4 b4 28. Qb1 Rc3 29. Rxc3 Nxc3 30. Qc2 Qd5 31. a4 h6 32. h3 e5 33. fxe5 Qxe5 34. Qd3 a5 35. Nf3 Qc7 36. Nd2 Qg3 37. Nf3 Qc7 38. Kf2 Na2 39. Nd4 Qc1 40. Qc2 Qa1 41. Qc8+ Kh7 42. Qf5+ Kg8 43. Qxa5 Qb2+ 44. Kf3 Qc1 45. Qa8+ Kh7 46. Qe4+ g6 47. Qd3 Nc3 48. a5 h5 49. a6 h4 50. Nc2 Qg1 51. a7 Ne4 52. Kxe4 Qxg2+ 53. Ke5 Qg5+ 54. Kd4 Qa5 55. Qc4 Qxa7+ 56. Kd3 Qd7+ 57. Ke2 Qxh3 58. Qxf7+ Kh6 59. Nd4 Qh2+ 60. Qf2 Qh3 61. Qf8+ Kh7 62. Qf3 Qc8 63. Qf4 Qh3 64. Kf2 g5 65. Qf7+ Kh8 66. Qh5+ 1-0

[Event "Sardinia World Festival-A 2024"]
[Site "Orosei"]
[Date "2024.05.02"]
[Round "7.5"]
[White "Shevchenko, Kirill"]
[Black "Aizenberg, Benny"]
[Result "1-0"]
[WhiteElo "2675"]
[BlackElo "2409"]
[Annotator "TA"]
[PlyCount "144"]
[EventDate "2024.04.26"]
[EventType "swiss"]
[EventCountry "ITA"]
[SourceTitle "playchess.com"]
[Source "ChessBase"]
[SourceQuality "1"]

1. d4 Nf6 2. c4 e6 3. Nc3 Bb4 4. e3 O-O 5. Bd3 Re8 6. Nge2 d5 7. O-O Bf8 8. Qc2 b6 9. e4 dxc4 10. Bxc4 Ba6 11. Bxa6 Nxa6 12. Rd1 Qc8 13. Bg5 Nd7 14. Rac1 c5 15. dxc5 Ndxc5 16. a3 e5 17. Be3 Qb7 18. b4 Ne6 19. Qa4 Red8 20. Nd5 Rac8 21. Rxc8 Rxc8 22. g3 Nb8 23. h4 h5 24. Qb5 Qc6 25. Nec3 Qc4 26. Kg2 Qb3 27. Rc1 Rc6 28. Qe2 g6 29. Rb1 Qc4 30. Qf3 Nd4 31. Bxd4 exd4 32. Ne2 Qc2 33. Rb3 Rc4 34. Nf6+ Kg7 35. Ne8+ Kg8 36. Nf6+ Kg7 37. Rd3 Be7 38. e5 Nc6 39. Nd7 Qa4 40. Qd5 Qc2 41. Rf3 Nd8 42. Nxd4 Rxd4 43. Qxd4 Ne6 44. Qd5 g5 45. Nf6 Qg6 46. hxg5 Nxg5 47. Rf4 Ne6 48. Rh4 Bxf6 49. exf6+ Kxf6 50. Qxh5 Qc2 51. Qf3+ Ke7 52. Re4 Qc6 53. Re3 Qd7 54. Qe4 Kf8 55. Rd3 Qc8 56. Qe5 Qc6+ 57. Qd5 Qc8 58. Rd1 Qc2 59. Re1 Qc3 60. Rxe6 fxe6 61. Qa8+ Ke7 62. Qxa7+ Kf6 63. Qxb6 Qxa3 64. b5 Qb3 65. Qc6 Kg5 66. b6 e5 67. b7 Qb1 68. Qd5 Kf6 69. Qd6+ Kf7 70. Qc7+ Ke6 71. b8=Q Qe4+ 72. Kh2 Kd5 1-0

[Event "Sardinia World Festival-A 2024"]
[Site "Orosei"]
[Date "2024.05.02"]
[Round "7.6"]
[White "Zhalmakhanov, Ramazan"]
[Black "Dardha, Daniel"]
[Result "1/2-1/2"]
[WhiteElo "2490"]
[BlackElo "2630"]
[Annotator "TA"]
[PlyCount "104"]
[EventDate "2024.04.26"]
[EventType "swiss"]
[EventCountry "ITA"]
[SourceTitle "playchess.com"]
[Source "ChessBase"]
[SourceQuality "1"]

1. e4 e5 2. Nf3 Nc6 3. Bb5 a6 4. Ba4 Nge7 5. Nc3 Ng6 6. h4 h5 7. d4 exd4 8. Nxd4 Nxd4 9. Qxd4 b5 10. Bb3 Bb7 11. Qd3 Bc5 12. Nd5 d6 13. Bg5 Qd7 14. O-O-O c6 15. Nf4 Ne5 16. Qe2 a5 17. a3 a4 18. Nxh5 axb3 19. Nxg7+ Kf8 20. Nf5 b4 21. cxb3 bxa3 22. Kb1 Qe6 23. Be7+ Kg8 24. Rh3 Ng6 25. Bxd6 Bxd6 26. Rxd6 Qe5 27. Rhd3 Re8 28. Qd2 Qxe4 29. Qg5 Kf8 30. Rd8 Bc8 31. Rxe8+ Qxe8 32. Rd8 Bxf5+ 33. Ka2 Ne7 34. Rxe8+ Kxe8 35. f3 axb2 36. Kxb2 Be6 37. Qf4 Ng6 38. Qb8+ Ke7 39. Qa7+ Kd6 40. Qd4+ Kc7 41. Qa7+ Kd6 42. Qd4+ Bd5 43. Qb4+ Kc7 44. Qa5+ Kd7 45. Qa7+ Kd6 46. g3 Ne5 47. f4 Nd3+ 48. Kc2 Nc5 49. b4 Ne4 50. g4 Rxh4 51. Qb8+ Kd7 52. Qb7+ Kd6 1/2-1/2

[Event "Sardinia World Festival-A 2024"]
[Site "Orosei"]
[Date "2024.05.02"]
[Round "7.7"]
[White "Sokolovsky, Yahli"]
[Black "Moussard, Jules"]
[Result "1/2-1/2"]
[WhiteElo "2490"]
[BlackElo "2610"]
[Annotator "TA"]
[PlyCount "103"]
[EventDate "2024.04.26"]
[EventType "swiss"]
[EventCountry "ITA"]
[SourceTitle "playchess.com"]
[Source "ChessBase"]
[SourceQuality "1"]

1. e4 e6 2. d4 d5 3. Nd2 c5 4. exd5 Qxd5 5. Ngf3 cxd4 6. Bc4 Qd6 7. O-O Nf6 8. Nb3 Nc6 9. Nbxd4 Nxd4 10. Nxd4 Be7 11. c3 O-O 12. Qe2 a6 13. a4 e5 14. Re1 Qc7 15. Bd3 exd4 16. Qxe7 Bd7 17. Qe5 Qxe5 18. Rxe5 dxc3 19. bxc3 Rfd8 20. Be2 Re8 21. Bf4 Bc6 22. Bf3 Bxf3 23. gxf3 Rxe5 24. Bxe5 Nd7 25. Bd6 Nb6 26. Bc5 Nd7 27. Bd6 Nb6 28. Bc5 Nd5 29. Rb1 b5 30. Bd4 bxa4 31. Ra1 Rc8 32. Rxa4 Rc6 33. c4 Nf4 34. Be3 Nd3 35. c5 Kf8 36. Kf1 Ne5 37. Bf4 f6 38. Bxe5 fxe5 39. Ke2 Ke7 40. Ke3 Rf6 41. Ra3 Rh6 42. Ke4 Kd7 43. Kxe5 Rh5+ 44. Ke4 Rxc5 45. Rxa6 Ke7 46. Kf4 Rh5 47. Ra7+ Kf6 48. Ra6+ Kf7 49. Ra7+ Kf6 50. Ra6+ Kf7 51. Ra7+ Kf6 52. Ke4 1/2-1/2

[Event "Sardinia World Festival-A 2024"]
[Site "Orosei"]
[Date "2024.05.02"]
[Round "7.8"]
[White "Gurel, Ediz"]
[Black "Tudor, Henry Edward"]
[Result "1-0"]
[WhiteElo "2578"]
[BlackElo "2279"]
[Annotator "TA"]
[PlyCount "85"]
[EventDate "2024.04.26"]
[EventType "swiss"]
[EventCountry "ITA"]
[SourceTitle "playchess.com"]
[Source "ChessBase"]
[SourceQuality "1"]

1. e4 c5 2. Nf3 d6 3. d4 cxd4 4. Nxd4 Nf6 5. Nc3 a6 6. Bg5 Nbd7 7. Bc4 Qb6 8. Bb3 e6 9. Qd2 Be7 10. O-O-O Nc5 11. f3 Qc7 12. g4 b5 13. a3 Bb7 14. h4 O-O-O 15. Kb1 Kb8 16. h5 h6 17. Be3 Ka8 18. Ba2 d5 19. e5 Nfd7 20. b4 Nxe5 21. bxc5 Bxc5 22. Bf4 Bd6 23. Qe3 Nc4 24. Bxd6 Nxd6 25. Rhe1 Rhe8 26. f4 Rc8 27. Rd3 Qa5 28. Kb2 Rc4 29. Bb3 Rec8 30. Re2 b4 31. Nb1 bxa3+ 32. Ka2 R4c7 33. f5 Nc4 34. Bxc4 Rxc4 35. fxe6 fxe6 36. Qxe6 Qa4 37. Rxa3 Qb4 38. c3 Qc5 39. Qe7 Qa7 40. Qxg7 a5 41. Rb2 a4 42. Qxh6 Ba6 43. Qb6 1-0